[Event "Large KO, SC <1800"]
[Site "SchemingMind.com"]
[Date "2006.10.13"]
[Round "-"]
[White "Ursus"]
[Black "Rotceh"]
[Result "0-1"]
[WhiteCountry "INT"]
[BlackCountry "MEX"]
[WhiteElo "1709"]
[WhiteRD "62"]
[BlackElo "1620"]
[BlackRD "60"]
[GameID "71817"]

1. e4 e5 2. Nf3 Nf6 3. d4 Nxe4 4. Bd3 d5 5. Nxe5 Nd7 6. Nxd7 Bxd7 7. O-O Be7 8. c4 c6 9. Nc3 Nxc3 10. bxc3 Be6
11. cxd5 Qxd5 12. Qc2 h6 13. Be3 O-O 14. c4 Qd7 15. Rab1 a6 16. a4 Bf6 17. Rfd1 Qc7 18. Qd2 Qe7 19. Rb3 Rfd8 20. Be4 Bxc4
21. Rc3 Qxe4 22. Rxc4 Rd5 23. f3 Qe6 24. a5 Rxa5 25. Rxc6 bxc6
0-1

[Event "Large KO, SC <1800"]
[Site "SchemingMind.com"]
[Date "2006.10.14"]
[Round "-"]
[White "nosran"]
[Black "gregor"]
[Result "0-1"]
[WhiteCountry "PHI"]
[BlackCountry "GER"]
[WhiteElo "1411"]
[WhiteRD "143"]
[BlackElo "1559"]
[BlackRD "83"]
[GameID "71818"]

1. d4 d5 2. e3 c5 3. c3 Nf6 4. Bd3 e6 5. Nd2 Bd6 6. f4 O-O 7. Ngf3 Ng4 8. O-O Nxe3 9. Qe2 Nxf1 10. Nxf1 Nd7
11. Ne5 Qh4 12. Be3 c4 13. Bc2 a5 14. Ng3 Nf6 15. a4 Bxe5 16. fxe5 Ng4
0-1

[Event "Large KO, SC <1800"]
[Site "SchemingMind.com"]
[Date "2006.10.13"]
[Round "-"]
[White "Rotceh"]
[Black "Ursus"]
[Result "0-1"]
[WhiteCountry "MEX"]
[BlackCountry "INT"]
[WhiteElo "1620"]
[WhiteRD "60"]
[BlackElo "1709"]
[BlackRD "62"]
[GameID "71824"]

1. e4 e6 2. d4 d5 3. e5 c5 4. c3 Nc6 5. Nf3 Qb6 6. Be2 Nh6 7. O-O Nf5 8. Na3 cxd4 9. Nxd4 Nfxd4 10. cxd4 Qxd4
11. Qxd4 Nxd4 12. Bb5+ Bd7 13. Bxd7+ Kxd7 14. Nb1 Nc2
0-1

[Event "Large KO, SC <1800"]
[Site "SchemingMind.com"]
[Date "2006.10.13"]
[Round "-"]
[White "gregor"]
[Black "nosran"]
[Result "1-0"]
[WhiteCountry "GER"]
[BlackCountry "PHI"]
[WhiteElo "1559"]
[WhiteRD "83"]
[BlackElo "1411"]
[BlackRD "143"]
[GameID "71825"]

1. d4 d5 2. c4 c6 3. Nc3 e6 4. Nf3 Nf6 5. Bg5 Nbd7 6. e3 Be7 7. Bd3 dxc4 8. Bxc4 b5 9. Bxb5 cxb5 10. Nxb5 Qa5+
11. Nc3 Nd5 12. Bxe7 Kxe7 13. O-O Rd8 14. Ne5 Nxe5 15. Qc2 Ng6 16. Ne4 Kf8 17. a3
1-0

[Event "Large KO, SC <1800"]
[Site "SchemingMind.com"]
[Date "2006.10.15"]
[Round "-"]
[White "Dan Bray"]
[Black "TONYTODD11"]
[Result "1-0"]
[WhiteCountry "ENG"]
[BlackCountry "ENG"]
[WhiteElo "1779"]
[WhiteRD "89"]
[BlackElo "1546"]
[BlackRD "84"]
[GameID "71974"]

1. d4 Nf6 2. c4 d5 3. Nc3 e6 4. Nf3 Bb4 5. e3 Ne4 6. Qc2 Bxc3+ 7. bxc3 Nc6 8. Bd3 f5 9. Ba3 Qf6 10. cxd5 exd5
11. O-O Be6 12. Nd2 Nxd2 13. Qxd2 O-O-O 14. Bc5 Qg5 15. Qc1 Rhf8 16. Bxf8 Rxf8 17. c4 f4 18. exf4 Rxf4 19. g3 Rg4 20. Qxg5 Rxg5
21. cxd5 Bxd5 22. Bxh7 Nxd4 23. Rfd1 Ne2+ 24. Kf1 Nc3 25. Rd4 Rh5 26. Rh4 Re5 27. a4 Ne2 28. Re1 Bc4 29. Rxc4
1-0

[Event "Large KO, SC <1800"]
[Site "SchemingMind.com"]
[Date "2006.10.14"]
[Round "-"]
[White "TONYTODD11"]
[Black "Dan Bray"]
[Result "0-1"]
[WhiteCountry "ENG"]
[BlackCountry "ENG"]
[WhiteElo "1546"]
[WhiteRD "84"]
[BlackElo "1779"]
[BlackRD "89"]
[GameID "71981"]

1. e4 c5 2. f4 Nf6 3. Nc3 d5 4. Bb5+ Nc6 5. d3 dxe4 6. Bxc6+ bxc6 7. dxe4 Qxd1+ 8. Kxd1 e6 9. Nf3 Ba6 10. Bd2 Rd8
11. Ne5 Rd6 12. g4 Nd7 13. Nxd7 Rxd7 14. f5 g6 15. Re1 Bh6 16. Nb1 O-O 17. h4 Bxd2 18. Nxd2 Rfd8 19. c3 Rxd2+ 20. Kc1 Be2
0-1

[Event "Large KO, SC <1800"]
[Site "SchemingMind.com"]
[Date "2006.10.16"]
[Round "-"]
[White "McKnights"]
[Black "rougon"]
[Result "0-1"]
[WhiteCountry "USA"]
[BlackCountry "USA"]
[WhiteElo "1696"]
[WhiteRD "62"]
[BlackElo "1648"]
[BlackRD "62"]
[GameID "72237"]

1. e4 c5 2. Nf3 e6 3. d4 cxd4 4. Nxd4 Nc6 5. Be3 Qc7 6. Nc3 a6 7. Bc4 Nf6 8. O-O d6 9. Re1 Be7 10. f4 O-O
11. f5 Nxd4 12. Qxd4 exf5 13. exf5 Bxf5 14. Bd3 Bxd3 15. Qxd3 Rfe8 16. Bg5 Qc5+ 17. Be3 Qc6 18. Bd4 Rad8 19. Re2 Nh5 20. Rf1 Bf6
21. Bxf6 Rxe2 22. Qxe2 Nxf6 23. Kh1 Re8 24. Qd3 Ne4 25. Nxe4 Rxe4 26. h3 d5 27. b3 g6 28. Rd1 d4 29. Rf1 Qe6 30. Qd1 b5
31. Qc1 Re2 32. a4 Qe4 33. Rg1 Rxc2 34. Qg5 bxa4 35. bxa4 d3 36. h4 d2 37. a5 Rc1 38. Rxc1 dxc1=Q+ 39. Qxc1 Qxh4+ 40. Kg1 Qd4+
41. Kh1 Qd3 42. Kg1 h5 43. Kh1 Qb5 44. Qc8+ Kh7 45. Qc7 Qf1+ 46. Kh2 Kh6 47. Qe5 f6 48. Qe3+ g5 49. Qc3 g4 50. Qe3+ Kg6
51. Qe8+ Kg5 52. Qe3+ Qf4+ 53. Qxf4+ Kxf4 54. Kg1 h4 55. Kh2 f5 56. Kg1 h3 57. gxh3 gxh3 58. Kh2 Kg4 59. Kh1 Kg3 60. Kg1 f4
0-1

[Event "Large KO, SC <1800"]
[Site "SchemingMind.com"]
[Date "2006.10.18"]
[Round "-"]
[White "simon_w"]
[Black "desmondw"]
[Result "1/2-1/2"]
[WhiteCountry "IRL"]
[BlackCountry "IRL"]
[WhiteElo "1739"]
[WhiteRD "65"]
[BlackElo "1690"]
[BlackRD "70"]
[GameID "72503"]

1. e4 e5 2. Nf3 Nc6 3. Bc4 Bc5 4. O-O d6 5. d3 Nf6 6. h3 Be6 7. Bxe6 fxe6 8. Be3 Nd4 9. Nbd2 O-O 10. c3 Nxf3+
11. Nxf3 Bxe3 12. fxe3 c5 13. Ng5 Qd7 14. Qb3 Rae8 15. a4 h6 16. Nf3 b6 17. Qb5 Qc7 18. a5=
1/2-1/2

[Event "Large KO, SC <1800"]
[Site "SchemingMind.com"]
[Date "2006.10.18"]
[Round "-"]
[White "desmondw"]
[Black "simon_w"]
[Result "1/2-1/2"]
[WhiteCountry "IRL"]
[BlackCountry "IRL"]
[WhiteElo "1700"]
[WhiteRD "71"]
[BlackElo "1747"]
[BlackRD "65"]
[GameID "72506"]

1. d4 d5 2. Bf4 Nf6 3. e3 a6 4. Bd3 Be6 5. Nc3 g6 6. Nf3 Nbd7 7. Ne5 Bg7 8. O-O O-O 9. e4 c6 10. exd5 cxd5
11. a4 Qb6 12. Nxd7 Nxd7 13. Rb1 Qxd4 14. Qd2 Rac8 15. a5 Be5 16. Bxe5 Nxe5 17. Ne2 Qh4 18. Qe3 Ng4 19. Qf4 Qf6 20. h3 Qxf4
21. Nxf4 Ne5 22. Nxe6 fxe6 23. Rfe1 Nxd3 24. cxd3 Rf6 25. b4 Rcf8 26. f3 h5 27. b5 g5 28. bxa6 bxa6 29. Rb6 g4 30. fxg4 hxg4
31. hxg4 Ra8 32. Rbxe6 Rxe6 33. Rxe6 Kf7 34. Rh6 e6 35. g5 Rg8 36. Rh7+ Rg7 37. Rxg7+ Kxg7 38. Kf2 e5 39. Ke3 Kg6 40. d4 e4
41. Kf4 Kf7 42. Kg3 Ke6 43. Kf4 Kf7 44. Kg4 Kg6 45. Kg3 Kxg5 46. Kf2=
1/2-1/2

[Event "Large KO, SC <1800"]
[Site "SchemingMind.com"]
[Date "2006.10.19"]
[Round "-"]
[White "LittleBigHorse"]
[Black "spoke"]
[Result "1-0"]
[WhiteCountry "IRL"]
[BlackCountry "GER"]
[WhiteElo "1670"]
[WhiteRD "87"]
[BlackElo "1677"]
[BlackRD "57"]
[GameID "72633"]

1. c4 c5 2. Nf3 Nc6 3. Nc3 Nf6 4. g3 g6 5. Bg2 Bg7 6. O-O O-O 7. d4 cxd4 8. Nxd4 e5 9. Ndb5 a6 10. Nd6 Ne8
11. Nce4 Nxd6 12. Nxd6 Nd4 13. e3 Nf5 14. Nxb7 Bxb7 15. Bxb7 Ra7 16. Bg2 d6 17. Qe2 Qb6 18. b3 e4 19. Bb2 Re8 20. Bxg7 Nxg7
21. Rfd1 f5 22. Rd5 Rc7 23. Rad1 Re6 24. R1d2 Rc5 25. Qd1 Ne8 26. Rxc5 Qxc5 27. Bf1 a5 28. Rd5 Qb4 29. c5 Nf6 30. Rxd6 Rxd6
31. cxd6
1-0

[Event "Large KO, SC <1800"]
[Site "SchemingMind.com"]
[Date "2006.10.19"]
[Round "-"]
[White "spoke"]
[Black "LittleBigHorse"]
[Result "0-1"]
[WhiteCountry "GER"]
[BlackCountry "IRL"]
[WhiteElo "1677"]
[WhiteRD "57"]
[BlackElo "1670"]
[BlackRD "87"]
[GameID "72635"]

1. e4 e6 2. d4 d5 3. Nc3 Bb4 4. e5 b6 5. Qg4 Bf8 6. Nh3 Qd7 7. Nf4 Bb7 8. Bb5 Nc6 9. a3 O-O-O 10. Nh5 Nge7
11. Bg5 h6 12. Bh4 Rg8 13. O-O-O Re8 14. f4 Nf5 15. Nf6 gxf6 16. Qxg8 Nxh4 17. Qg3 Nf5 18. Qd3 fxe5 19. dxe5 Qd8 20. Ba6 Kb8
21. Bxb7 Kxb7 22. Ne4 dxe4
0-1

[Event "Large KO, SC <1800"]
[Site "SchemingMind.com"]
[Date "2006.10.20"]
[Round "-"]
[White "capablanca"]
[Black "fishofchaos"]
[Result "1-0"]
[WhiteCountry "GER"]
[BlackCountry "ENG"]
[WhiteElo "1633"]
[WhiteRD "55"]
[BlackElo "1557"]
[BlackRD "58"]
[GameID "72768"]

1. c4 Nf6 2. Nc3 e6 3. g3 c5 4. Bg2 Nc6 5. Nf3 Be7 6. O-O d6 7. d4 cxd4 8. Nxd4 Nxd4 9. Qxd4 a6 10. Be3 e5
11. Qb6 O-O 12. Rfd1 Qxb6 13. Bxb6 Ne8 14. Nd5 Bg5 15. Nc7 Nxc7 16. Bxc7 Re8 17. Bxd6 Ra7 18. Bc5 Ra8 19. Rd3 Bf5 20. Rb3 Rac8
21. Ba3 Rxc4 22. Rxb7 Rec8 23. Bd5 Be4 24. Bxf7+
1-0

[Event "Large KO, SC <1800"]
[Site "SchemingMind.com"]
[Date "2006.10.20"]
[Round "-"]
[White "fishofchaos"]
[Black "capablanca"]
[Result "0-1"]
[WhiteCountry "ENG"]
[BlackCountry "GER"]
[WhiteElo "1517"]
[WhiteRD "56"]
[BlackElo "1673"]
[BlackRD "51"]
[GameID "72772"]

1. d4 d5 2. c4 c6 3. Nf3 Nf6 4. Nc3 dxc4 5. a4 e6 6. e3 Bb4 7. Bxc4 Ne4 8. Qc2 Nxc3 9. bxc3 Bd6 10. Ba3 O-O
11. O-O Bxa3 12. Rxa3 Nd7 13. h4 Nf6 14. Bd3 Qd6 15. Rb3 c5 16. g3 cxd4 17. cxd4 b6 18. e4 Qd7 19. Bb5 Qd8 20. Rd1 Bb7
21. Re3 Rc8 22. Qd3 Qe7 23. e5 Nd5 24. Ng5 g6 25. Ree1 Rc3 26. Qe2 Rfc8 27. Qg4 Nb4 28. h5 h6 29. Ne4 Bxe4 30. Qxe4 Qg5
31. hxg6 fxg6 32. Bd7 Rd8 33. Bxe6+ Kg7 34. Bh3 Nd5 35. Rd3 Rxd3 36. Qxd3 Nf4 37. Qa6 Nxh3+ 38. Kf1 Qd2 39. Qxa7+ Kg8 40. Re2 Qxd4
41. a5 Qa1+ 42. Re1 Qxa5 43. Qxa5 bxa5 44. e6 Ng5 45. Kg2 Re8 46. e7 Kf7 47. f4 Ne6 48. Re5 Rxe7 49. Rxa5 Nd4 50. g4 Kf6
51. Kg3 Re3+ 52. Kf2 Rf3+ 53. Ke1 Rxf4 54. g5+ hxg5 55. Ra6+ Kf5 56. Ra5+ Kg4 57. Ra6 Kh5 58. Rd6 g4 59. Kd2 Nf5 60. Re6 g3
0-1

[Event "Large KO, SC <1800"]
[Site "SchemingMind.com"]
[Date "2006.10.23"]
[Round "-"]
[White "palaciorep"]
[Black "Brerrabbit"]
[Result "1/2-1/2"]
[WhiteCountry "ARG"]
[BlackCountry "SCO"]
[WhiteElo "1659"]
[WhiteRD "85"]
[BlackElo "1326"]
[BlackRD "78"]
[GameID "72916"]

1. e4 e5 2. Nf3 Nc6 3. Bb5 Nf6 4. Bxc6 bxc6 5. Nc3 Bc5 6. h3 d5 7. exd5 cxd5 8. Nxe5 d4 9. Ne2 Qe7 10. Nf3 Ba6
11. d3 O-O 12. O-O Bd6 13. Nexd4 c5 14. Nf5 Qc7 15. Nxd6 Qxd6 16. Re1 c4 17. d4 c3 18. bxc3 Rab8 19. a4 Qc7 20. Bd2 h6
21. Nh2 Bb7 22. f3 g5 23. Ng4 Nxg4 24. hxg4 Bd5 25. Rb1 f6 26. Rxb8 Qxb8 27. Qa1 f5 28. Re5 fxg4 29. Qe1 gxf3 30. gxf3 Bxf3
31. Re7 Bd5 32. Re5 Bc6 33. Rc5 Bxa4 34. Qe6+ Kg7 35. Qe5+ Qxe5 36. Rxe5 Bxc2 37. Re7+ Kf6 38. Rxa7 Kg6 39. d5 Rd8 40. c4 Bd3
41. Rc7 Kf5 42. Kg2=
1/2-1/2

[Event "Large KO, SC <1800"]
[Site "SchemingMind.com"]
[Date "2006.10.24"]
[Round "-"]
[White "Argeon"]
[Black "neoliminal"]
[Result "1/2-1/2"]
[WhiteCountry "BEL"]
[BlackCountry "CRC"]
[WhiteElo "1385"]
[WhiteRD "112"]
[BlackElo "1302"]
[BlackRD "100"]
[GameID "72917"]

1. e4 e5 2. Bc4 Bc5 3. Qf3 Qf6 4. Qxf6 Nxf6 5. Nc3 O-O 6. Nf3 d6 7. h3 Nc6 8. d3 Be6 9. Bxe6 fxe6 10. O-O Nd4
11. Nxd4 Bxd4 12. Nb5 Nh5 13. Nxd4 exd4 14. b3 e5 15. Bd2 Nf4=
1/2-1/2

[Event "Large KO, SC <1800"]
[Site "SchemingMind.com"]
[Date "2006.10.22"]
[Round "-"]
[White "Brerrabbit"]
[Black "palaciorep"]
[Result "0-1"]
[WhiteCountry "SCO"]
[BlackCountry "ARG"]
[WhiteElo "1342"]
[WhiteRD "71"]
[BlackElo "1631"]
[BlackRD "86"]
[GameID "72926"]

1. e4 e5 2. Nf3 Nc6 3. Nc3 a6 4. d4 d6 5. d5 Nce7 6. Be2 Bg4 7. Bg5 f6 8. Be3 Ng6 9. Nd2 Bxe2 10. Qxe2 Be7
11. O-O Qd7 12. b4 f5 13. b5 f4 14. bxa6 fxe3 15. fxe3 Rxa6 16. Rab1 Rb6 17. Nc4 Rxb1 18. Rxb1 b6 19. Rb3 Nf6 20. Rb1 O-O
21. h3 h6 22. g4 Nh7 23. Nd2 Nh4 24. Rf1 Rxf1+ 25. Qxf1 Bg5 26. Qf2 Nf6 27. Nf3 Nxf3+ 28. Qxf3 c6 29. Qe2 cxd5 30. exd5 Qc7
31. Nb5 Qc5 32. Kf2 Qxd5 33. Nc7 Qc5 34. Ne6 Ne4+ 35. Kf3 Qd5 36. Qd3 Qxe6 37. Qxe4 Qxa2 38. Qc6 Qe6 39. Qxb6 e4+ 40. Ke2 Qc4+
41. Kd2 Qd5+ 42. Ke2 Bh4 43. Qb3 Qxb3 44. cxb3 Kf7 45. Kd2 Ke6 46. Kc3 Ke5 47. b4 Bd8 48. Kc4 Bb6 49. Kb5 Bxe3 50. Kc6 Bd4
0-1

[Event "Large KO, SC <1800"]
[Site "SchemingMind.com"]
[Date "2006.10.23"]
[Round "-"]
[White "neoliminal"]
[Black "Argeon"]
[Result "1-0"]
[WhiteCountry "CRC"]
[BlackCountry "BEL"]
[WhiteElo "1302"]
[WhiteRD "100"]
[BlackElo "1385"]
[BlackRD "112"]
[GameID "72927"]

1. d4 d5 2. Nf3 Nc6 3. b4 e6 4. c3 Nf6 5. Bg5 Be7 6. e3 O-O 7. Bd3 h6 8. Bxh6 gxh6 9. Ne5 Nxe5 10. dxe5 Ng4
11. Qxg4+ Bg5 12. O-O f5 13. Qh5 f4 14. Qg6+ Kh8 15. Qh7#
1-0

[Event "Large KO, SC <1800"]
[Site "SchemingMind.com"]
[Date "2006.10.24"]
[Round "-"]
[White "bdenley"]
[Black "pschalkw"]
[Result "1-0"]
[WhiteCountry "USA"]
[BlackCountry "NED"]
[WhiteElo "1681"]
[WhiteRD "61"]
[BlackElo "1567"]
[BlackRD "128"]
[GameID "73194"]

1. e4 c5 2. Nf3 Nf6 3. Nc3 Nc6 4. Bc4 e6 5. d3 d5 6. exd5 exd5 7. Bb5 Qb6 8. Ne5 Bd6 9. Nxc6 bxc6 10. Ba4 d4
11. Ne4 Nxe4 12. dxe4 Qb4+ 13. c3 Qb6 14. O-O O-O 15. Re1 Ba6 16. e5 Bc7 17. Qf3 Bb5 18. Bc2 h6 19. Bxh6
1-0

[Event "Large KO, SC <1800"]
[Site "SchemingMind.com"]
[Date "2006.10.23"]
[Round "-"]
[White "pschalkw"]
[Black "bdenley"]
[Result "0-1"]
[WhiteCountry "NED"]
[BlackCountry "USA"]
[WhiteElo "1567"]
[WhiteRD "128"]
[BlackElo "1681"]
[BlackRD "61"]
[GameID "73197"]

1. d4 d5 2. c4 c5 3. cxd5 Nf6 4. dxc5 Qxd5 5. Qxd5 Nxd5 6. a3 Nc6 7. e4 Nf6 8. Nc3 e5 9. b4 a5 10. b5 Nd4
11. Ra2 Bxc5 12. Be3 Be6 13. Rd2 Rd8 14. Nb1 Nxe4 15. Rd3 Bc4
0-1

[Event "Large KO, SC <1800"]
[Site "SchemingMind.com"]
[Date "2006.10.25"]
[Round "-"]
[White "asperse"]
[Black "ilhado"]
[Result "1-0"]
[WhiteCountry "ENG"]
[BlackCountry "BRA"]
[WhiteElo "1408"]
[WhiteRD "73"]
[BlackElo "1741"]
[BlackRD "79"]
[GameID "73333"]

1. f4 d5 2. e3 g6 3. Nf3 Bg7 4. c3 Nf6 5. d4 O-O 6. Bd3 b6 7. O-O Bb7 8. Na3 c5 9. b4 Nbd7 10. bxc5 bxc5
11. Qa4 Ne4 12. Bb2 cxd4 13. cxd4 Ndf6 14. Nc2 Qc7 15. Rac1 Rfc8 16. Ng5 Qd6 17. Nxe4 dxe4 18. Be2 Nd5 19. Bg4 Rxc2 20. Rxc2 Nxe3
21. d5 Nxc2 22. Bxg7 Kxg7 23. Qxc2 Bxd5 24. Rd1 Qe5 25. fxe5 e6 26. a4 a5 27. h4 h5 28. Be2 Rb8 29. Bb5 Kh6 30. Qc7 Rb7
31. Qxa5 g5 32. hxg5+ Kxg5 33. Qa6 Rc7 34. Qb6 Rb7 35. Qe3+ Kg6 36. Rf1 h4 37. Qf4 f5 38. Qxh4 e3 39. Be8+ Kg7 40. Qg5+ Kh8
41. Qxe3 Rg7 42. Rf2 Rg4 43. Qh6+ Kg8 44. Qf6 Kh7 45. Bh5 Rg7 46. Qh4 Kg8 47. Qd8+ Kh7 48. a5 Kh6 49. Qh4 Kh7 50. Bf7#
1-0

[Event "Large KO, SC <1800"]
[Site "SchemingMind.com"]
[Date "2006.10.24"]
[Round "-"]
[White "Lee Shuck"]
[Black "mart_r3000"]
[Result "0-1"]
[WhiteCountry "ENG"]
[BlackCountry "ENG"]
[WhiteElo "1228"]
[WhiteRD "70"]
[BlackElo "1270"]
[BlackRD "54"]
[GameID "73334"]

1. e4 e5 2. Nc3 Nf6 3. g3 Nc6 4. Nf3 Bc5 5. Bg2 Ng4 6. Rf1 O-O 7. Nh4 h5 8. f3 Ne3 9. dxe3 Qg5 10. Nd5 d6
11. Nxc7 Rb8 12. Qd5 Nb4 13. Qb3 Bd7 14. Nd5 Be6 15. c3 Nd3+ 16. Kd1 Nxc1 17. Kxc1 Bxe3+ 18. Kd1 Rfc8 19. a4 Rc5 20. f4 Qg4+
21. Nf3 h4 22. Re1 exf4 23. gxf4 Qxg2 24. Rxe3 Qf1+ 25. Ne1 Bg4+ 26. Kc1 Re8 27. Qxb7 Be6 28. Ne7+ Kf8 29. Nc6 Qxf4 30. Nc2 Rg5
31. Qxa7 Qxh2 32. Re1 Bb3 33. Ne3 Qf2 34. Rf1 Rg1 35. Rxg1 Qxg1+ 36. Nd1 Qxd1#
0-1

[Event "Large KO, SC <1800"]
[Site "SchemingMind.com"]
[Date "2006.10.25"]
[Round "-"]
[White "BANJANIN"]
[Black "knightrider"]
[Result "0-1"]
[WhiteCountry "INT"]
[BlackCountry "USA"]
[WhiteElo "1497"]
[WhiteRD "127"]
[BlackElo "1476"]
[BlackRD "58"]
[GameID "73335"]

1. d4 Nf6 2. c4 g6 3. Nc3 Bg7 4. e4 d6 5. Be3 Ng4 6. Bf4 O-O 7. h3 Nf6 8. Qd2 Nc6 9. Nf3 e6 10. Bh6 Nh5
11. g4 Bxh6 12. Qxh6 Qf6 13. Be2 Nf4 14. g5 Nd3+ 15. Kd2 Qf4+ 16. Kxd3 Nb4#
0-1

[Event "Large KO, SC <1800"]
[Site "SchemingMind.com"]
[Date "2006.10.24"]
[Round "-"]
[White "ilhado"]
[Black "asperse"]
[Result "1-0"]
[WhiteCountry "BRA"]
[BlackCountry "ENG"]
[WhiteElo "1741"]
[WhiteRD "79"]
[BlackElo "1408"]
[BlackRD "73"]
[GameID "73341"]

1. e4 e5 2. f4 exf4 3. Nf3 d6 4. Bc4 g5 5. h3 Be6 6. Bxe6 fxe6 7. e5 dxe5 8. Nxe5 Nh6 9. b3 Bg7 10. Qh5+ Kf8
11. Bb2 Nc6 12. Qe2 Nxe5 13. Bxe5 Bxe5 14. Qxe5 Nf7 15. Qe2 Qf6 16. Nc3 e5 17. O-O-O Kg7 18. Kb1 Rhe8 19. Rhf1 a6 20. g3 Nd6
21. Ne4 Nxe4 22. Qxe4 Rad8 23. Qxb7 Re7 24. Qg2 e4 25. gxf4 h6 26. h4 Rd5 27. fxg5 Qg6 28. Rf6 Qh5 29. Rdf1 hxg5 30. hxg5 Rxg5
31. Qf2 Rge5 32. Rxa6 e3 33. Qf6+ Kh7 34. Ra8 Re8 35. Rg1 Qh6 36. Qf7+ Kh8 37. Rxe8+ Rxe8 38. Qxe8+ Kh7 39. Qg8#
1-0

[Event "Large KO, SC <1800"]
[Site "SchemingMind.com"]
[Date "2006.10.24"]
[Round "-"]
[White "mart_r3000"]
[Black "Lee Shuck"]
[Result "1-0"]
[WhiteCountry "ENG"]
[BlackCountry "ENG"]
[WhiteElo "1270"]
[WhiteRD "54"]
[BlackElo "1228"]
[BlackRD "70"]
[GameID "73342"]

1. e4 c5 2. Nf3 d6 3. Bb5+ Bd7 4. Bc4 e6 5. d3 Nf6 6. O-O Be7 7. e5 Ng4 8. Re1 d5 9. Bb3 c4 10. dxc4 dxc4
11. Bxc4 Bc5 12. Bg5 Qa5 13. Re4 Nxf2 14. Qe2 Nxe4+ 15. Be3 O-O 16. Kh1 Na6 17. Qd3 Nf2+ 18. Bxf2 Bxf2 19. c3 Nc5 20. Qe2 Bd4
21. Nxd4 Qa4 22. b4 Nb3 23. Nxb3 b5 24. Nc5 Bc6 25. Nxa4 bxa4 26. Bd3 f6 27. Qh5 Rad8 28. Qxh7+ Kf7 29. Bg6+ Ke7 30. Qxg7+
1-0

[Event "Large KO, SC <1800"]
[Site "SchemingMind.com"]
[Date "2006.10.24"]
[Round "-"]
[White "knightrider"]
[Black "BANJANIN"]
[Result "0-1"]
[WhiteCountry "USA"]
[BlackCountry "INT"]
[WhiteElo "1476"]
[WhiteRD "58"]
[BlackElo "1497"]
[BlackRD "127"]
[GameID "73343"]

1. e4 c5 2. f4 e6 3. Nf3 Nc6 4. Nc3 g6 5. Bb5 Qc7 6. d3 Bg7 7. O-O a6 8. Bxc6 Qxc6 9. e5 d6 10. exd6 Qxd6
11. Ne4 Qb6 12. Rb1 Ne7 13. c4 O-O 14. b3 f5 15. Ng3 Bf6 16. Be3 Qc7 17. a4 Bd7 18. d4 cxd4 19. Bxd4 Bxd4+ 20. Nxd4 Nc6
21. c5 Nxd4 22. Qxd4 Rad8 23. Qe5 Qxe5 24. fxe5 Bc6 25. Ne2 Rd2 26. Rbe1 Rfd8 27. h3 Rb2 28. Nf4 Kf7 29. g4 Rdd2 30. Rb1 Rxb1
31. h4 Rxf1+ 32. Kxf1 fxg4 33. Ke1 Rb2 34. Nd3 Rxb3 35. Nf2 Rb1+ 36. Kd2 Ra1 37. Nxg4 Rxa4
0-1

[Event "Large KO, SC <1800"]
[Site "SchemingMind.com"]
[Date "2006.10.26"]
[Round "-"]
[White "loco61"]
[Black "oojason"]
[Result "1-0"]
[WhiteCountry "ENG"]
[BlackCountry "ENG"]
[WhiteElo "1574"]
[WhiteRD "66"]
[BlackElo "1526"]
[BlackRD "74"]
[GameID "73566"]

1. e4 Nc6 2. Nf3 e5 3. Bc4 h6 4. Nc3 Nf6 5. d4 d6 6. d5 Nb4 7. a3 Na6 8. Bxa6 bxa6 9. h3 Bb7 10. Be3 c6
11. b4 Be7 12. O-O Qc7 13. Qd3 c5 14. bxc5 dxc5 15. Ne2 Bd6 16. c4 Rb8 17. Nh4 g6 18. f4 Ke7 19. f5 g5 20. Nf3 a5
21. a4 Ba6 22. Rab1 Qd7 23. Nc3 Rb6 24. Nb5 Bxb5 25. axb5 Ne8 26. Ra1 f6 27. Rxa5 Qb7 28. Qa3 Nc7 29. Bxc5 Bxc5+ 30. Qxc5+ Rd6
31. Rxa7 Qb8 32. Rxc7+ Qxc7 33. Qxc7+ Rd7 34. d6+ Ke8 35. Qc6 Rh7 36. Ra1 Kf8 37. Ra8+ Rd8 38. Rxd8+ Kg7 39. Rd7+ Kg8 40. Rxh7 Kxh7
41. d7 Kg7 42. Qc7 Kf7 43. d8=Q#
1-0

[Event "Large KO, SC <1800"]
[Site "SchemingMind.com"]
[Date "2006.10.26"]
[Round "-"]
[White "oojason"]
[Black "loco61"]
[Result "0-1"]
[WhiteCountry "ENG"]
[BlackCountry "ENG"]
[WhiteElo "1526"]
[WhiteRD "74"]
[BlackElo "1574"]
[BlackRD "66"]
[GameID "73573"]

1. e4 e5 2. Nf3 Nc6 3. Bb5 d6 4. Nc3 a6 5. Bxc6+ bxc6 6. b4 Bg4 7. h3 Bh5 8. d3 Be7 9. a3 d5 10. exd5 cxd5
11. g4 Bg6 12. Rh2 Bd6 13. Nxd5 e4 14. dxe4 Bxh2 15. Nxh2 Bxe4 16. Nc3 Qxd1+ 17. Kxd1 O-O-O+ 18. Bd2 Bc6 19. g5 h6 20. Kc1 f6
21. f4 hxg5 22. fxg5 Rxh3 23. Nf1 Rh1 24. Kb2 f5 25. Ng3 Rxa1 26. Kxa1 Rxd2 27. Kb2 f4 28. Nf1 Rf2 29. Nh2 Rxh2 30. Nd1 Be4
31. Kc3 Rxc2+ 32. Kd4 Rd2+ 33. Kxe4 Rxd1 34. Kxf4 Re1 35. Kf5 Ne7+ 36. Kg4 g6 37. Kf4 Kb7 38. Kf3 Kb6
0-1

[Event "Large KO, SC <1800"]
[Site "SchemingMind.com"]
[Date "2006.10.27"]
[Round "-"]
[White "timroberts"]
[Black "Archr"]
[Result "0-1"]
[WhiteCountry "USA"]
[BlackCountry "USA"]
[WhiteElo "1550"]
[WhiteRD "77"]
[BlackElo "1682"]
[BlackRD "84"]
[GameID "73730"]

1. e4 e5 2. Nf3 Nc6 3. Bc4 Nf6 4. Nc3 Nxe4 5. Nxe4 d5 6. Bxd5 Qxd5 7. Nc3 Qa5 8. d3 Bg4 9. Bd2 Bb4 10. a3 Bxc3
11. Bxc3 Qd5 12. Qe2 Bxf3 13. gxf3 O-O-O 14. O-O-O f6 15. Rhg1 Rd7 16. Kb1 Rf8 17. Rde1 g6 18. h4 Qf7 19. Qe3 Kb8 20. Rg4 Rfd8
21. Rc4 Rd6 22. Qd2 Qxc4 23. dxc4 Rxd2 24. Bxd2 Rxd2 25. Rf1 Kc8 26. Kc1 Rd8 27. Re1 Rd7 28. c3 h6 29. Rg1 Ne7 30. Kc2 Rd8
31. Re1 Nf5 32. Rh1 Rd7 33. b3 b6 34. a4 c6 35. Rh2 Kc7 36. Rh1 Re7 37. Kd3 Rd7+ 38. Kc2 a5 39. Rh2 Kb7 40. Rh1 b5
41. cxb5 cxb5 42. axb5 Kb6 43. h5 g5 44. Ra1 Kxb5 45. c4+ Kb4 46. Ra4+ Kc5 47. Rxa5+ Kb6
0-1

[Event "Large KO, SC <1800"]
[Site "SchemingMind.com"]
[Date "2006.10.26"]
[Round "-"]
[White "Archr"]
[Black "timroberts"]
[Result "0-1"]
[WhiteCountry "USA"]
[BlackCountry "USA"]
[WhiteElo "1669"]
[WhiteRD "79"]
[BlackElo "1768"]
[BlackRD "110"]
[GameID "73732"]

1. e4 e5 2. Nf3 Nc6 3. Bb5 a6 4. Bxc6 dxc6 5. O-O Bd6 6. d4 exd4 7. Qxd4 f6 8. Nc3 Ne7 9. Rd1 Be6 10. Bf4 Bxf4
11. Nh4 O-O 12. Rd3 Be5 13. Qe3 Qe8 14. f4 Bd6 15. b3 Qh5 16. Nf3 Bg4 17. h3 Bd7 18. Ne2 Rae8 19. Qf2 Bc5 20. Nfd4 Nf5
21. exf5 Rxe2 22. Qg3 Bxf5
0-1

[Event "Large KO, SC <1800"]
[Site "SchemingMind.com"]
[Date "2006.11.18"]
[Round "-"]
[White "neoliminal"]
[Black "gregor"]
[Result "0-1"]
[WhiteCountry "CRC"]
[BlackCountry "GER"]
[WhiteElo "1264"]
[WhiteRD "87"]
[BlackElo "1520"]
[BlackRD "84"]
[GameID "77415"]

1. c4 e5 2. Nc3 Qh4 3. b3 Bc5 4. g3 Qf6 5. f3 e4 6. Bb2 e3 7. Ne4 Qxb2 8. Nxc5 exd2+ 9. Kf2 Qd4+ 10. e3 Qxc5
11. Qxd2 d6 12. Ne2 Nf6 13. g4 Bxg4 14. fxg4 Nxg4+ 15. Ke1 Nxe3 16. Nd4 Qe5 17. Be2 Qxd4 18. Qxd4 Nc2+ 19. Kd2 Nxd4 20. Rhg1 Nxe2
21. Rxg7 Nd4 22. Re1+ Kf8
0-1

[Event "Large KO, SC <1800"]
[Site "SchemingMind.com"]
[Date "2006.11.18"]
[Round "-"]
[White "gregor"]
[Black "neoliminal"]
[Result "1-0"]
[WhiteCountry "GER"]
[BlackCountry "CRC"]
[WhiteElo "1520"]
[WhiteRD "84"]
[BlackElo "1264"]
[BlackRD "87"]
[GameID "77421"]

1. d4 d5 2. c4 dxc4 3. Nf3 Nf6 4. Qa4+ Bd7 5. Qxc4 b5 6. Qb3 a6 7. Ne5 Be6 8. Qb4 Qd5 9. Nc3 Qd6 10. a3 Nc6
11. Qxd6 exd6 12. Nxc6 d5 13. e3 Bd7 14. Ne5 Bd6 15. Be2 Ne4 16. Nxd5 Be6 17. Nc3 Nxf2 18. Kxf2 f6 19. d5 Bf5 20. Nc6 h5
21. Nd4
1-0